Načítá se...

Nuclear magnetic resonance spectroscopy

Podrobná bibliografie
Hlavní autor: Bovey , R . B
Jazyk:English
Vydáno: New York Academic press 1969
Témata:
LEADER 00356nam a22001217a 4500
005 20160323130450.0
008 100521t xxu||||| |||| 00| 0 eng d
100 |a Bovey , R . B  |9 4188 
245 |a Nuclear magnetic resonance spectroscopy 
653 |a Nuclear magnetic resonance spectroscopy 
942 |c BK  |6 _ 
260 |a New York  |b Academic press  |c 1969 
999 |c 158275  |d 158275